| 000 | 00591nam a2200169 4500 | ||
|---|---|---|---|
| 001 | 121820 | ||
| 003 | ES-MaACL | ||
| 005 | 20230906191831.0 | ||
| 007 | t| | ||
| 008 | 070214s1972 sp r ||||1| spa d | ||
| 100 | 1 |
_aPortuondo, Juan A. _993303 |
|
| 245 | 1 | 0 |
_aInterpretación psicoanalítica del psicodiagnóstico de Rorschach / _cJuan A. Portuondo. |
| 260 |
_aMadrid : _bInstituto Nacional de Psicología Aplicada y Psicotecnia, _c1972. |
||
| 300 |
_a124 p. ; _c24 cm. |
||
| 710 | 2 |
_aInstituto Nacional de Psicología Aplicada y Psicotecnia. _95182 |
|
| 852 |
_aES-MaACL _jC-48757 _bR.85006 |
||
| 999 |
_c121820 _d121820 |
||